00329nam a2200133Ia 45000030006000000080041000060400015000471000022000622450039000842500010001232600033001335460012001660050017001780STCL150530s9999 xx 000 0 und d aSTCLcSTCL aHarry Johnson, G. aNational trade and economic growth aFirst bGeorge Allen and Unwinc1967 aEnglish20220125165628.0